|
|
|
|
| LEADER |
00000nam a22000007a 4500 |
| 005 |
2022102505195.0 |
| 007 |
cr|||| |||| |
| 008 |
221025s2021 co |||||s|||| 00||0 spa d |
| 020 |
|
|
|a 978-958-798-140-7
|
| 035 |
|
|
|a 37412
|
| 040 |
|
|
|a vLex
|
| 090 |
|
|
|c 14051
|d 14051
|
| 100 |
1 |
|
|a Giraldo Bustamante, Carlos Julio
|
| 245 |
1 |
0 |
|a Estudios de derecho contractual
|h [Recurso electrn̤ico] :
|b de la compraventa a las economa̕s colaborativas /
|c Carlos Julio Giraldo Bustamante, Juan Carlos Durǹ Uribe
|
| 256 |
|
|
|a Servicio en ln̕ea
|
| 260 |
|
|
|a Bogot:̀
|b Universidad de Los Andes (Colombia),
|c 2021
|
| 300 |
|
|
|a 1 recurso electrn̤ico
|
| 506 |
1 |
|
|a Disponible solo en los productos indicados
|d vLex Global
|d vLex Global (Academic Edition, excluding Law Schools)
|d vLex Global (U.S. Academic Edition, Law Schools)
|d vLex Global (U.S. Academic Edition, excluding Law Schools)
|d vLex Global (Academic Edition, Law Schools)
|
| 650 |
0 |
4 |
|a Derecho Civil
|z Colombia
|
| 700 |
1 |
|
|a Durǹ Uribe, Juan Carlos
|
| 740 |
0 |
|
|a vLex Libros (Servicio en ln̕ea)
|
| 856 |
4 |
0 |
|u https://app.vlex.com/#/sources/37412
|z Acceso restringido
|
| 942 |
|
|
|c BOOK
|
| 999 |
0 |
|
|a Civil Law
|